00463nam a2200097Ia 4500008004100000245017100041260009000212300001500302980003300317999001500350151021s9999 xx 000 0 und d a_Report on the ''One Kenya , One Dream: The Kenya we Want '' C 4th-6th February ,2009 Nairobi / Ministry of State for planning , National Development and Vision 2030  aNairobi : Ministry of State for Planning , National Development and Vision 2030 2009  axiv,84 p.  a^d20110513 10:00:14^okilerai c7258d7258